000 00202nam a2200109Ia 4500
100 _a#N/A
942 _cBK
654 _aqualities
245 _aPresentation Skills
260 _b#N/A
546 _aENGLISH
999 _c33998
_d33998